000 00972nam a2200289 c 4500
003 BLK
005 20240227005324.0
008 180411b bul|||||r ||||||| ||bul||
010 _aKNG00194323000
040 _aBLK
041 _aBUL
_cBUL
080 _aБългарска литература
_b821.163.2
_x-32
_z821.163.2-32
100 _aЖотев, Добри
_gПоет, писател.
_d1921-1997
_qДимитров, Добри Александров
_9251874
139 _aЖотев, Добри
_bЖ 77
245 1 0 _aНаграда от Джокондата
_bРазкази
_cДобри Жотев.
257 _aBGR
260 София
_bОФ
_c1985
300 _a183 с.
_c20 см
380 _aX
500 _a11 200 тир.
852 _aЦб 134911
856 4 _qpdf
_u
856 4 _qpdf
_u
942 _cKNG
_n0
944 _aCR
_c24.10.2016
_k
_lCRON CRON
944 _aED
_c24.10.2016
_kВаля_Йорданова
999 _c185330
_d185330